[Event "Jatai Goias Rio Claro op"]
[Site "Jatai Goias"]
[Date "2022.07.16"]
[Round "2"]
[White "De Freitas, Leandro Henrique"]
[Black "Colivet Gamboa, Julio Cesar"]
[Result "1/2-1/2"]
[WhiteElo "1610"]
[BlackElo "1780"]
[PlyCount "76"]
[EventDate "2022.07.15"]
[EventType "swiss"]
[EventRounds "6"]
[EventCountry "BRA"]
[SourceTitle "CBM 209 Extra"]
[Source "ChessBase"]
[SourceDate "2022.09.30"]
[SourceVersion "1"]
[SourceVersionDate "2022.09.30"]
[SourceQuality "1"]

1. c4 c5 2. Nf3 Nc6 3. g3 g6 4. Bg2 Bg7 5. 0-0 e5 6. d3 Nge7 7. Nc3 d6 8. Rb1 0-0 9. a3 a5 10. e3 h6 11. Nd2 Be6 12. Nd5 Rb8 13. b3 b5 14. Nxe7+ Nxe7 15. cxb5 Rxb5 16. Bb2 Qb6 17. a4 Bxb3 18. Nxb3 Rxb3 19. Bc3 Rxb1 20. Qxb1 Qa6 21. Rd1 Nc6 22. Qb5 Qxb5 23. axb5 Nb4 24. Bxb4 cxb4 25. Ra1 Rc8 26. Bc6 d5 27. Bxd5 Rc5 28. Bc4 e4 29. Rxa5 exd3 30. Bxd3 b3 31. Ra8+ Kh7 32. b6 Rc3 33. b7 Be5 34. Re8 Rxd3 35. Rxe5 b2 36. b8Q Rd1+ 37. Kg2 b1Q 38. Qxb1 Rxb1 1/2-1/2

[Event "Jatai Goias Rio Claro op"]
[Site "Jatai Goias"]
[Date "2022.07.16"]
[Round "3"]
[White "Santos, Abel Cardoso Dos"]
[Black "De Freitas, Leandro Henrique"]
[Result "1-0"]
[WhiteElo "1834"]
[BlackElo "1610"]
[PlyCount "67"]
[EventDate "2022.07.15"]
[EventType "swiss"]
[EventRounds "6"]
[EventCountry "BRA"]
[SourceTitle "CBM 209 Extra"]
[Source "ChessBase"]
[SourceDate "2022.09.30"]
[SourceVersion "1"]
[SourceVersionDate "2022.09.30"]
[SourceQuality "1"]

1. e4 c5 2. Nf3 e6 3. d4 cxd4 4. Nxd4 a6 5. c4 Nc6 6. Be3 Nf6 7. Nc3 Bb4 8. Nxc6 bxc6 9. Qc2 Qa5 10. Bd2 Rb8 11. Be2 0-0 12. 0-0 Qd8 13. e5 Ne8 14. a3 Be7 15. Rad1 f6 16. exf6 Bxf6 17. Bf4 d6 18. Bg3 Rb7 19. Bf3 d5 20. b4 Re7 21. Ne4 e5 22. cxd5 cxd5 23. Rxd5 Rd7 24. Rxd7 Qxd7 25. Rd1 Qf5 26. Rc1 Be6 27. Qc6 Be7 28. Qxa6 Nf6 29. h3 Nxe4 30. Bxe4 Qf7 31. Qb7 Kh8 32. Rc7 Re8 33. Bc6 Rd8 34. Rxe7 1-0

[Event "Varginha Mineiro-ch"]
[Site "Varginha"]
[Date "2020.09.07"]
[Round "6"]
[White "Lapertosa Viana, Julio"]
[Black "De Freitas, Leandro Henrique"]
[Result "0-1"]
[WhiteElo "2012"]
[BlackElo "1617"]
[PlyCount "70"]
[EventDate "2020.09.04"]
[EventType "swiss"]
[EventRounds "7"]
[EventCountry "BRA"]
[SourceTitle "EXT 2021"]
[Source "ChessBase"]
[SourceDate "2020.10.23"]
[SourceVersion "1"]
[SourceVersionDate "2020.10.23"]
[SourceQuality "1"]

1. d4 d5 2. c4 c6 3. cxd5 cxd5 4. Nc3 e6 5. Bf4 a6 6. Nf3 Nf6 7. e3 Be7 8. h3 0-0 9. Bd3 b5 10. 0-0 b4 11. Na4 Nbd7 12. Rc1 Bb7 13. Rc7 Rb8 14. Qe2 Ne8 15. Rc2 Rc8 16. Rfc1 Rxc2 17. Qxc2 f5 18. Nc5 Nxc5 19. dxc5 Bc6 20. Bxa6 Qa5 21. Be2 Qxa2 22. Nd4 Bd7 23. Be5 Bf6 24. f4 Bxe5 25. fxe5 f4 26. c6 Bc8 27. exf4 Rxf4 28. Nf3 Nc7 29. Bd3 h6 30. Qd2 Rf8 31. Qxb4 Qa7+ 32. Qc5 Qa4 33. Qd4 Qa5 34. Kh2 Rxf3 35. Rc5 Rxd3 0-1

[Event "Varginha Mineiro-ch"]
[Site "Varginha"]
[Date "2020.09.05"]
[Round "3"]
[White "Hama, Haruna"]
[Black "De Freitas, Leandro Henrique"]
[Result "1-0"]
[WhiteElo "1721"]
[BlackElo "1617"]
[PlyCount "97"]
[EventDate "2020.09.04"]
[EventType "swiss"]
[EventRounds "7"]
[EventCountry "BRA"]
[SourceTitle "EXT 2021"]
[Source "ChessBase"]
[SourceDate "2020.10.23"]
[SourceVersion "1"]
[SourceVersionDate "2020.10.23"]
[SourceQuality "1"]

1. c4 e5 2. Nc3 Nf6 3. g3 c6 4. d4 exd4 5. Qxd4 d5 6. cxd5 Nxd5 7. Nxd5 cxd5 8. Bg2 Be6 9. Bd2 Nc6 10. Qa4 Be7 11. e3 0-0 12. Ne2 Bf6 13. 0-0 Qd7 14. Bc3 Nd4 15. Qd1 Nxe2+ 16. Qxe2 Bxc3 17. bxc3 Rac8 18. Rac1 Rc4 19. Rfd1 Qc7 20. Qb2 Rc8 21. Bxd5 Rxc3 22. Rxc3 Qxc3 23. Qxc3 Rxc3 24. Bxe6 fxe6 25. Rd8+ Kf7 26. Rd7+ Kf6 27. Rxb7 Ra3 28. Rb2 g5 29. h3 e5 30. Kf1 Kf5 31. Ke2 h5 32. Rc2 Ra4 33. Kf3 g4+ 34. hxg4+ hxg4+ 35. Ke2 Ke4 36. Rb2 Rc4 37. a3 Ra4 38. Rb4+ Rxb4 39. axb4 a6 40. f3+ gxf3+ 41. Kf2 Kf5 42. Kxf3 e4+ 43. Kf2 Kg4 44. Kg2 Kf5 45. Kh2 Kg4 46. Kg2 Kg5 47. Kh3 Kh5 48. g4+ Kg5 49. Kg3 1-0

[Event "Sao Joao del Rei op"]
[Site "Sao Joao del Rei"]
[Date "2020.02.08"]
[Round "1"]
[White "Lage, Pedro Ferreira"]
[Black "De Freitas, Leandro Henrique"]
[Result "1-0"]
[WhiteElo "2034"]
[BlackElo "1587"]
[PlyCount "39"]
[EventDate "2020.02.08"]
[EventType "swiss"]
[EventRounds "5"]
[EventCountry "BRA"]
[SourceTitle "CBM 195 Extra"]
[Source "ChessBase"]
[SourceDate "2020.05.31"]
[SourceVersion "1"]
[SourceVersionDate "2020.05.31"]
[SourceQuality "1"]

1. Nf3 Nf6 2. c4 c5 3. Nc3 e6 4. d4 cxd4 5. Nxd4 Qc7 6. Ndb5 Qc6 7. Bf4 Na6 8. Nd6+ Bxd6 9. Bxd6 Ne4 10. Nxe4 Qxe4 11. e3 b6 12. Be2 Rb8 13. Bf3 Qg6 14. Bxb8 Nxb8 15. Qd6 Na6 16. Rd1 Qg5 17. Bb7 Qd8 18. Bxa6 Bxa6 19. c5 bxc5 20. Qxa6 1-0

[Event "Rio de Janeiro Duchamp op 3rd"]
[Site "Rio de Janeiro"]
[Date "2019.12.07"]
[Round "1"]
[White "De Freitas, Leandro Henrique"]
[Black "Mendes Domingues, Ribeiro Matheus"]
[Result "0-1"]
[WhiteElo "1602"]
[BlackElo "2061"]
[PlyCount "98"]
[EventDate "2019.12.07"]
[EventType "swiss"]
[EventRounds "9"]
[EventCountry "BRA"]
[SourceTitle "EXT 2021"]
[Source "ChessBase"]
[SourceDate "2020.10.23"]
[SourceVersion "1"]
[SourceVersionDate "2020.10.23"]
[SourceQuality "1"]

1. d4 d5 2. Nf3 Nf6 3. Bf4 e6 4. e3 Bd6 5. Bg3 0-0 6. Bd3 b6 7. 0-0 c5 8. c3 Nc6 9. Ne5 Bb7 10. Nd2 Qc7 11. f4 Ne7 12. Qb1 Ng6 13. Nxg6 hxg6 14. Bh4 cxd4 15. cxd4 Rac8 16. Rf3 Bb4 17. Bxf6 Bxd2 18. Bh4 Qc1+ 19. Qxc1 Rxc1+ 20. Rxc1 Bxc1 21. b3 Rc8 22. Be1 Ba3 23. Bd2 a5 24. Rf1 Kf8 25. g4 Ke7 26. Kg2 Kd6 27. h4 Bb2 28. Kf2 Bc3 29. Ke2 Bb2 30. Rh1 Ke7 31. h5 Rh8 32. Bc1 Bc3 33. Ba3+ Bb4 34. Bxb4+ axb4 35. Rc1 Kd6 36. hxg6 fxg6 37. Rc2 g5 38. f5 Bc8 39. e4 dxe4 40. Bxe4 exf5 41. Rc6+ Kd7 42. gxf5 Re8 43. Re6 Rxe6 44. fxe6+ Kxe6 45. Kf3 Kf6 46. d5 Ke5 47. Ke3 Bf5 48. Bxf5 Kxf5 49. Kd4 g4 0-1

[Event "Sudeste/Centro-Oeste-ch U1800"]
[Site "Barbacena"]
[Date "2019.10.27"]
[Round "5"]
[White "De Freitas, Leandro Henrique"]
[Black "Faris, Rafael de Araujo"]
[Result "1-0"]
[WhiteElo "1612"]
[BlackElo "1699"]
[PlyCount "123"]
[EventDate "2019.10.25"]
[EventType "swiss"]
[EventRounds "6"]
[EventCountry "BRA"]
[SourceTitle "CBM 193 Extra"]
[Source "ChessBase"]
[SourceDate "2020.01.31"]
[SourceVersion "1"]
[SourceVersionDate "2020.01.31"]
[SourceQuality "1"]

1. d4 Nf6 2. Nf3 e6 3. Bf4 c5 4. e3 Nc6 5. c3 Qb6 6. Qb3 Qxb3 7. axb3 cxd4 8. exd4 a6 9. Bd3 d5 10. h3 Bd7 11. 0-0 Be7 12. Nbd2 0-0 13. Ne5 Bd6 14. Ndf3 Rfd8 15. Nxc6 Bxc6 16. Bxd6 Rxd6 17. Rfe1 b5 18. Ne5 Be8 19. b4 Nh5 20. Bf1 Rb6 21. Nd3 Nf6 22. Ra5 Ne4 23. Nc5 Nd2 24. Rea1 Nc4 25. Bxc4 bxc4 26. Nxa6 Bc6 27. Nc5 Rab8 28. Ra7 e5 29. dxe5 d4 30. Rc7 d3 31. Nd7 Bxd7 32. Rxd7 Re6 33. f4 g5 34. Raa7 Rf8 35. Rac7 Ra8 36. Rxc4 Ra1+ 37. Kh2 Rd1 38. Rcd4 gxf4 39. Rxd3 Rb1 40. Rd2 Rxe5 41. Rf2 h5 42. Rxf4 Rxb2 43. Rdxf7 Ree2 44. Kg3 Rxg2+ 45. Kf3 h4 46. Rc7 Rgf2+ 47. Ke4 Rxf4+ 48. Kxf4 Rg2 49. b5 Rg1 50. b6 Rf1+ 51. Kg4 Rf6 52. b7 Rb6 53. Rc8+ Kg7 54. b8Q Rg6+ 55. Kxh4 Rh6+ 56. Kg3 Rg6+ 57. Kh2 Kh6 58. Qf4+ Kh7 59. Qh4+ Kg7 60. Qh8+ Kf7 61. Qh7+ Rg7 62. Rc7+ 1-0

[Event "Juiz de Fora op 1st"]
[Site "Juiz de Fora"]
[Date "2018.09.29"]
[Round "3"]
[White "De Freitas, Leandro Henrique"]
[Black "De Freitas, Isabella Ribeiro Co"]
[Result "1/2-1/2"]
[WhiteElo "1619"]
[BlackElo "1605"]
[PlyCount "59"]
[EventDate "2018.09.29"]
[EventType "swiss"]
[EventRounds "5"]
[EventCountry "BRA"]
[SourceTitle "CBM 186 Extra"]
[Source "ChessBase"]
[SourceDate "2018.08.24"]
[SourceVersion "1"]
[SourceVersionDate "2018.08.24"]
[SourceQuality "1"]

1. e4 e6 2. d4 d5 3. e5 c5 4. Nf3 Nc6 5. c3 Qb6 6. Bd3 Nh6 7. 0-0 Nf5 8. Be3 Bd7 9. Bxf5 exf5 10. Qb3 Qxb3 11. axb3 cxd4 12. Bxd4 Nxd4 13. Nxd4 Bc5 14. Nd2 0-0 15. b4 Bb6 16. N2b3 Rfe8 17. Rfe1 Bc7 18. Nc5 Bc8 19. Nd3 a6 20. f4 Bd7 21. Nc5 Bc6 22. Nxf5 g6 23. Nd4 Bb6 24. Re3 a5 25. e6 axb4 26. Rxa8 Rxa8 27. Nd7 bxc3 28. bxc3 Bxd4 29. cxd4 fxe6 30. Nc5 1/2-1/2

[Event "Florianopolis op 3rd"]
[Site "Florianopolis"]
[Date "2017.01.20"]
[Round "1"]
[White "Bispo, Marcia de Lima"]
[Black "De Freitas, Leandro Henrique"]
[Result "0-1"]
[WhiteElo "1147"]
[BlackElo "1662"]
[PlyCount "80"]
[EventDate "2017.01.20"]
[EventType "swiss"]
[EventRounds "10"]
[EventCountry "BRA"]
[SourceTitle "CBM 176 Extra"]
[Source "ChessBase"]
[SourceDate "2017.03.02"]
[SourceVersion "1"]
[SourceVersionDate "2017.03.02"]
[SourceQuality "1"]

1. e4 c5 2. Nf3 e6 3. d4 cxd4 4. Nxd4 Nc6 5. Nc3 a6 6. Bc4 Nf6 7. 0-0 Qc7 8. Re1 Nxd4 9. Qxd4 Bc5 10. Qd3 Ng4 11. e5 Bxf2+ 12. Kf1 Bxe1 13. Kxe1 Qxe5+ 14. Qe2 Qxe2+ 15. Bxe2 Ne5 16. Ne4 d5 17. Nd6+ Ke7 18. Nxc8+ Raxc8 19. c3 Rhd8 20. Be3 Nc4 21. Bd4 e5 22. Bf2 b5 23. b3 Nd6 24. Bb6 Rxc3 25. Bxd8+ Kxd8 26. Rd1 d4 27. Rd3 Rxd3 28. Bxd3 e4 29. Be2 f5 30. a4 bxa4 31. bxa4 a5 32. Kf2 Ke7 33. Kg3 Kf6 34. h4 Nb7 35. Bb5 Nc5 36. Kf2 Ke5 37. Ke1 Kf4 38. Kd1 d3 39. Kd2 e3+ 40. Kc3 e2 0-1

[Event "BRA-ch Amateur U1800"]
[Site "Sao Paulo"]
[Date "2016.05.26"]
[Round "2"]
[White "De Freitas, Leandro Henrique"]
[Black "Cardoso, Marcio de Lucca"]
[Result "1/2-1/2"]
[WhiteElo "1654"]
[BlackElo "1799"]
[PlyCount "24"]
[EventDate "2016.05.26"]
[EventType "swiss"]
[EventRounds "7"]
[EventCountry "BRA"]
[SourceTitle "EXT 2019"]
[Source "ChessBase"]
[SourceDate "2018.10.10"]
[SourceVersion "1"]
[SourceVersionDate "2018.10.10"]
[SourceQuality "1"]

1. c4 c5 2. b3 Nf6 3. Bb2 e6 4. g3 d5 5. d4 dxc4 6. bxc4 cxd4 7. Qxd4 Bb4+ 8. Nd2 Qa5 9. Ngf3 0-0 10. a3 Bc5 11. Qf4 Bxf2+ 12. Kxf2 Nbd7 1/2-1/2

[Event "Juiz de Fora Summer op"]
[Site "Juiz de Fora"]
[Date "2015.08.22"]
[Round "4"]
[White "Campos, Igor Ribeiro"]
[Black "De Freitas, Leandro Henrique"]
[Result "1-0"]
[WhiteElo "2176"]
[BlackElo "1670"]
[PlyCount "70"]
[EventDate "2015.08.21"]
[EventType "swiss"]
[EventRounds "6"]
[EventCountry "BRA"]
[SourceTitle "EXT 2016"]
[Source "ChessBase"]
[SourceDate "2015.10.08"]
[SourceVersion "1"]
[SourceVersionDate "2015.10.08"]
[SourceQuality "1"]

1. e4 c5 2. Nc3 d6 3. f4 a6 4. Nf3 Nc6 5. Be2 e5 6. 0-0 Nf6 7. d3 Be7 8. Kh1 Qc7 9. f5 Bd7 10. a4 g6 11. Bg5 Nb4 12. fxg6 hxg6 13. Nd2 Nh5 14. Bxh5 Bxg5 15. Bf3 Bf4 16. h3 Qd8 17. Ne2 Bxh3 18. Nxf4 exf4 19. gxh3 Rxh3+ 20. Kg1 Qg5+ 21. Bg2 0-0-0 22. Rf3 Rdh8 23. Rxh3 Rxh3 24. Nf3 Qg4 25. Qe2 Nxc2 26. Qxc2 Rxf3 27. Qe2 Rg3 28. Qxg4+ Rxg4 29. Kf2 Rg3 30. Bf3 Kd7 31. Rh1 g5 32. Be2 c4 33. dxc4 Rb3 34. Rb1 a5 35. Bd1 Rh3 1-0